| 000 | 01204nam a2200289 a 4500 | ||
|---|---|---|---|
| 003 | CO-BoRNBP | ||
| 005 | 20241002172338.0 | ||
| 007 | ta | ||
| 008 | 010201s2001 ck a grf 00010 spa d | ||
| 020 | _a9588017696 | ||
| 040 |
_aCO-BoBLA _bspa _cCO-BoBLA |
||
| 041 | 0 | _aspa | |
| 082 | 0 | 4 |
_a658.4 _bF27m _220 ed. |
| 100 | 1 |
_aFernández González, Roberto. _942668 |
|
| 245 | 1 | 0 |
_aManual para el desarrollo y crecimiento empresarial : _bel fortalecimiento del talento ejecutivo del mañana no puede ser objeto de descuido por parte de ninguna compañía. El desarrollo de la dirección es la política de asegurar la continuidad del progreso cuando los actuales jefes se hayan ido / _cRoberto Fernández. |
| 250 | _a1a. edición | ||
| 300 |
_a118 p. ; _c24 cm. |
||
| 336 |
_2rdacontent _atexto _btxt |
||
| 337 |
_2rdamedia _asin mediación _bn |
||
| 338 |
_2rdacarrier _avolumen _bnc |
||
| 650 | 7 |
_aAdministración de empresas _v Manuales. _2BLAAUTO _942669 |
|
| 650 | 7 |
_aCrecimiento empresarial _v Manuales. _2BLAAUTO _942670 |
|
| 650 | 7 |
_aGestión empresarial _v Manuales. _2BLAAUTO _942671 |
|
| 830 | 0 |
_aPrograma de catalogación en la publicación _942672 |
|
| 942 |
_2ddc _cBK |
||
| 949 |
_ac _bn |
||
| 999 |
_c38387 _d38387 |
||